LEADER 01275nam a2200313 i 4500 001 000000068536 003 CaOOAMICUS 005 20040514000000.0 008 040514s1986 it u000 u ita u 013 $a39708 020 $a88-304-0631-7 040 $aSeMil$bita 100 1 $aLin, Yutang <1895-1976>.$0(OLS)http://semarc/name/34176 240 14$aThe importance of living.$0(OLS)http://semarc/title/109433 245 10$aImportanza di vivere /$cdi Lin Yutang ; traduzione di Piero Jahier. 260 $aMilano :$bLonganesi & C.,$c1986. 300 $a505 p. ;$c21 cm. 490 0 $aIl cammeo ;$v128 500 $aCon [2] Appendici. - Fondo Card. C.M. Martini. 650 4$aVita - Filosofia orientale.$0(OLS)http://semarc/subject/13485 700 1 $aJahier, Piero,$d<1884-1966>.$0(OLS)http://semarc/name/7012 830 3$aIl cammeo ;$v128.$0(OLS)http://semarc/title/7213 850 $aSeMil 852 $aSeMil$W1$xVenegono$y1$m2O III 140$j34689$B34689$CSeMilBibl$Z2$F34692 $81 941 1 $a4 961 $aOmaggio: Martini Card. Carlo Maria 996 $6020$a88-304-0631-7$9(OLS)http://semarc/number/46728 996 $6245$aImportanza di vivere$9(OLS)http://semarc/title/109432 996 $6260$aMilano :$bLonganesi & C.$9(OLS)http://semarc/publisher/31590 LEADER 01109nam a2200253 i 4500 001 000000206431 003 CaOOAMICUS 005 20190626124147.0 008 111004s1816 it u000 u ita u 013 $a185200 026 $azain sago b-e. socu (3) 1816 (A) 040 $aSeMil$bita 100 1 $aSoave, Francesco,$d<1743-1806>.$0(OLS)http://semarc/name/89853 245 10$aCompendio del metodo delle scuole normali di Francesco Soave C.R.S. 260 $aMilano :$bPresso Ferdinando Baret,$c1816. 300 $a78, [2] p. 490 0 $aRaccolta delle opere complete di Francesco Soave 700 1 $aBaret, Ferdinando,$c.$0(OLS)http://semarc/name/11303 830 0$aRaccolta delle opere complete di Francesco Soave.$0(OLS)http://semarc/title/34330 850 $aSeMil 852 $aSeMil$W1$xVenegono$y1$m1O IV 22/B FA$j156914$B156914$CSeMilBibl$Z2$F168164 $8I 996 $6245$aCompendio del metodo delle scuole normali di Francesco Soave C.R.S$9(OLS)http://semarc/title/298610 996 $6260$aMilano :$bPresso Ferdinando Baret$9(OLS)http://semarc/publisher/36497